000 00490nam a2200169Ia 4500
008 140925s9999 xx 000 0 und d
020 _a2226-3462
245 _aInternational Journal on mental health and deafness /
_h[electronic resource]
260 _bIJMHD,
_cc2011.
516 _aElectronic text
650 _aJournal.
650 _aSpecial Education.
830 _aIJMHD
856 _uhttp://ijmhd.org/index.php/ijmhd/issue/view/5
942 _cEJ
999 _c275725
_d275725